Word Ladder: Please Don't Eat The Dog Quiz Stats

 Plays Quiz Updated Feb 21, 2012

Support Sporcle.
Go Orange.
Score 0/15 Timer 02:00
0 Plays Today
Clue 4-Letter Word % Correct
BirthedBORN
92.8%
Make a holeBORE
92.6%
Earth's pale companionMOON
92.2%
Dress for having a ball?GOWN
90.5%
Take an axe toCHOP
90.2%
Food for pigsSLOP
89.8%
Place of businessSHOP
89.8%
Post workout feelingSORE
89%
Clue 4-Letter Word % Correct
To organize and categorizeSORT
88.9%
Quark flavorDOWN
88.5%
Shakespearean daybreakMORN
88%
Type of casino gameSLOT
87.8%
Santa coveringSOOT
86.6%
Henchman, perhapsGOON
86.1%
Chinese dog breedCHOW
74.9%

Today's Daily Dose

Missing Word
'80s Musicals

Word Ladder
Hereditary

Get the Picture
Food Names

From the Vault

2020 Democratic Candidates by First Names

by Noldeh

History 5m
You still need to know who they are, even if they dropped out already!
Remove Ads.
Support Sporcle.
Get the best of Sporcle when you Go Orange. This ad-free experience offers more features, more stats, and more fun while also helping to support Sporcle. Thank you for becoming a member.

Show Comments

Extras

Top Quizzes Today


Score Distribution

Your Account Isn't Verified!

In order to create a playlist on Sporcle, you need to verify the email address you used during registration. Go to your Sporcle Settings to finish the process.

Report this User

Report this user for behavior that violates our Community Guidelines.

Details: